000 00583nam a2200193Ia 4500
008 140626s9999 xx 000 0 und d
100 _aBaker, J.
245 _aChange in maternal criticism and behavior problems in adolescents and adults with autism across a 7-year period /
_cJ. Baker ... [et al.].
260 _cc2011.
300 _a120 : 2, page 465
440 _aJournal of Abnormal Psychology
521 _aPSYCH
650 _aAutism.
650 _aBehavior problems.
650 _aCriticism.
650 _aExpressed emotion.
650 _aParenting.
942 _cSE
999 _c121297
_d121297